00834cam a2200289 a 450000100090000000300050000900500170001400800410003101000170007202000180008902000150010703500240012203800110014604000400015704200080019705000290020508200150023410000210024924500820027025000120035226000300036430000350039450400510042965000140048065000230049470000270051717090555NUST20190718055549.0111220s2013 maua b 001 0 eng  a 2011048215 a9780132856201 a0132856204 a(OCoLC)ocn769141382 aArshad aDLCbengcDLCdYDXdYDXCPdBWXdDLC apcc00aTK5105.875.I57bK88 201300a004.6bKUR1 aKurose, James F.10aComputer networking :ba top-down approach /cJames F. Kurose, Keith W. Ross. a6th ed. aBoston :bPearson,c2013. axxiv, 862 p. :bill. ;c24 cm. aIncludes bibliographical references and index. 0aInternet. 0aComputer networks.1 aRoss, Keith W.,d1956-